Self guided tour of the Bible / (Record no. 9749)

MARC details
000 -LEADER
fixed length control field 00531nam a22001937a 4500
003 - CONTROL NUMBER IDENTIFIER
control field GBCCL
005 - DATE AND TIME OF LATEST TRANSACTION
control field 20241126110718.0
008 - FIXED-LENGTH DATA ELEMENTS--GENERAL INFORMATION
fixed length control field 230629b ||||| |||| 00| 0 eng d
020 ## - INTERNATIONAL STANDARD BOOK NUMBER
International Standard Book Number 9781628623550
020 ## - INTERNATIONAL STANDARD BOOK NUMBER
International Standard Book Number 9781628623567
040 ## - CATALOGING SOURCE
Transcribing agency gbc
082 ## - DEWEY DECIMAL CLASSIFICATION NUMBER
Classification number 220.61
Item number HUD
100 ## - MAIN ENTRY--PERSONAL NAME
Personal name Hudson, Christopher D
9 (RLIN) 16934
245 ## - TITLE STATEMENT
Title Self guided tour of the Bible /
Statement of responsibility, etc. Christopher D Hudson
260 ## - PUBLICATION, DISTRIBUTION, ETC.
Place of publication, distribution, etc. Carson, California :
Name of publisher, distributor, etc. Rose Publishing,
Date of publication, distribution, etc. 2016
300 ## - PHYSICAL DESCRIPTION
Extent 239p. ;
650 ## - SUBJECT ADDED ENTRY--TOPICAL TERM
Topical term or geographic name entry element Bible
Form subdivision introductions
9 (RLIN) 7151
942 ## - ADDED ENTRY ELEMENTS (KOHA)
Source of classification or shelving scheme Dewey Decimal Classification
Koha item type Reference Books
Holdings
Withdrawn status Lost status Source of classification or shelving scheme Damaged status Not for loan Home library Current Library Shelving location Date acquired Total checkouts Full call number Barcode Date last seen Copy number Price effective from Koha item type
    Dewey Decimal Classification     GRACE BIBLE COLLEGE GRACE BIBLE COLLEGE Handbook 2023-06-29   220.61 HUD 016302 2025-05-01 c.1 2023-06-29 Reference Books
© Grace Bible College Library 2025